| 000 | 01325nam a2200277Ia 4500 | ||
|---|---|---|---|
| 003 | OSt | ||
| 005 | 20201117142746.0 | ||
| 008 | 191128s1998 ck a gr 000 0 spa d | ||
| 020 | _a1217062 | ||
| 040 | 0 |
_aCO-JMCR _cCO-JMCR |
|
| 041 | 0 | _aspa | |
| 082 | 0 | 4 |
_a658.4032 / _bS275s _223 |
| 100 | 1 |
_aSerna G., Humberto, _eautor _912343 |
|
| 245 | 1 | 0 |
_aUn sistema integrado de medición de gestión SIMEG : la estrategia unida a la acción : _bun caso estratégic. El Banco Unión de Venezuela / _cHumberto Serna G. |
| 260 |
_aBogotá : _bUniversidad de los Andes, _c1998 |
||
| 300 |
_a104 páginas : _bdiagramas a blanco y negro ; _c23 cm. |
||
| 490 | 0 |
_aMonografías de administración. Serie casos ; _v50 |
|
| 500 | _aDatos biográficos del autor en solapa posterior y notas a pie de páginas. | ||
| 504 | _aBibliografía: páginas 50-51 | ||
| 505 | 0 | _aAlgunos hechos importantes en la historia del Banco Unión -- Estructura del Banco Unión -- La red del banco -- Los productos del banco -- La competencia del banco -- Plan estratégico del Banco Unión 90/99 -- Un sistema integrado de medición de gestión | |
| 650 | 2 | 4 |
_aBanco Unión de Venezuela _912344 |
| 650 | 2 | 4 |
_aPlanificación estratégica _9262 |
| 650 | 2 | 4 |
_aGestión financiera _99668 |
| 650 | 2 | 4 |
_aPlanificación financiera _97989 |
| 942 |
_2ddc _cBK |
||
| 999 |
_c6123 _d6123 |
||